|
|
|
|
| LEADER |
00000nab a2200000 a 4500 |
| 001 |
vtls000781586 |
| 003 |
SK-MaSNL |
| 005 |
20260303072740.0 |
| 008 |
160314c2001 xo 0 hun |
| 015 |
|
|
|a SNBRB2002/01-02652
|
| 035 |
|
|
|a CLN000133315
|
| 040 |
|
|
|a SNKBUCL
|b slo
|c SNKBUCL
|e AACR2
|
| 041 |
0 |
|
|a slo
|
| 044 |
|
|
|a xo
|c SK
|
| 080 |
|
|
|a 894.511-1(087.5)=945.11
|2 UDC-MRF-SK2
|
| 100 |
1 |
|
|a Bódás, János
|d 1905-1987
|4 aut
|9 866433
|
| 245 |
1 |
0 |
|a A karácsonyi Jézushoz
|c Bódás János
|
| 650 |
0 |
7 |
|a naratívne básne, maďarské
|2 snkbucl
|9 71242
|
| 773 |
0 |
|
|x 1335-7298
|t Kálvinista szemle
|g Roč. 72, č. 12 (2001), s. 8
|
| 850 |
|
|
|a Slovenská národná knižnica v Martine
|
| 852 |
|
|
|a SNK
|b KIS3GCP
|
| 958 |
|
|
|a HU
|
| 958 |
|
|
|a LX
|
| 958 |
|
|
|a DB
|
| 958 |
|
|
|a RBX
|
| 999 |
|
|
|c 1764591
|d 1766521
|